[Event "Boeblingen op 17th"]
[Site "Boeblingen"]
[Date "2000.12.28"]
[Round "4"]
[White "Glek, Igor Vladimirovich"]
[Black "Haub, Thorsten Michael"]
[Result "1-0"]
[WhiteElo "2553"]
[BlackElo "2370"]
[Annotator "Glek,I"]
[PlyCount "125"]
[EventDate "2000.12.27"]
[EventType "swiss"]
[EventRounds "9"]
[EventCountry "GER"]
[SourceTitle "CBM 080"]
[Source "ChessBase"]
[SourceDate "2001.01.25"]
[SourceVersion "1"]
[SourceVersionDate "2001.01.25"]
[SourceQuality "1"]

1. e4 e6 2. d4 d5 3. Nc3 Nf6 4. Bg5 Be7 5. e5 Nfd7 6. Bxe7 Qxe7 7. f4 a6 8. Qd2
c5 9. Nf3 Nc6 10. dxc5 Qxc5 11. Ne2 $5 $146 (11. O-O-O b5 12. Ne2) 11... f6 $5
(11... b5) 12. Ned4 Nxd4 13. Nxd4 Qb6 14. O-O-O fxe5 15. fxe5 O-O (15... Nxe5
16. Qg5 Nf7 17. Qxg7 e5 18. Bd3 Qh6+ (18... Rf8 19. Rhe1 $16 Bd7 20. Rxe5+ Nxe5
21. Qxe5+ Kd8 22. Qxd5 $18) 19. Qxh6 Nxh6 20. Rde1 (20. Nb3) 20... Nf7 21. Nf3
(21. Rhf1 O-O 22. Nb3 $14) 21... e4 22. Nd4 $14) 16. Qe3 Nc5 17. Be2 Bd7 18.
Rhf1 Na4 19. b3 (19. Qb3) 19... Nc5 20. Rxf8+ (20. Bg4 $5) 20... Rxf8 21. Rf1
Rxf1+ 22. Bxf1 a5 (22... Qb4 $1 23. Be2 $2 (23. Kb1 $1 Ne4 (23... a5) 24. Kb2
Qc5 25. Be2 Qc7 26. Nf3 Be8 27. Qd4 Bh5 28. Bd3 (28. h3 Nc5 29. g4 Bg6 $132)
28... Bxf3 (28... Qc5 29. Bxe4) 29. gxf3 $14) (23. Bd3 a5 $15 (23... Nxd3+ 24.
cxd3 Qc3+ 25. Nc2 Bb5 26. d4 Bd3 27. Qd2 $11)) 23... Qa3+ 24. Kd2 (24. Kb1 $2
Na4 $19) 24... Ne4+ $17) 23. a3 $14 Ne4 (23... Qc7 $142) 24. Bd3 Nc5 25. Qh3 h6
26. Bg6 Qd8 27. Qg4 (27. Qh5 Qf8 28. Qf3 Qxf3 29. gxf3 Kf8 30. Kd2 Ke7 31. h4
$14) 27... Qe7 28. Kb2 Qd8 29. h4 Qb8 30. Qf4 (30. Qh5 Qf8 31. Nf3 Qf4) 30...
Be8 31. h5 Bxg6 32. hxg6 Qe8 33. Qg4 Nd7 (33... Qe7 $142 34. b4 axb4 35. axb4
Na6 36. Qxe6+ (36. c3 Nc7 37. b5 b6) 36... Qxe6 37. Nxe6 Nxb4 38. Nf4 (38. Nc7
Kf8) 38... Nc6 39. e6 $14) 34. Qxe6+ Qxe6 35. Nxe6 Nxe5 36. Nf4 d4 37. c3 (37.
Kc1 Kf8 38. Ne6+ (38. Kd2 Ke7) 38... Ke7 39. Nxg7 Kf6 40. Nf5 Nxg6 41. Nxd4 Ke5
42. c3 Nf4 $14) 37... d3 (37... dxc3+ 38. Kxc3 Kf8 39. Kd4 Nd7 40. Ne6+ Ke7 41.
Nxg7 Kf6 42. Ne8+ Kxg6 43. Nd6 b6 44. Nc4 Kf5 45. Kd5 $16) 38. Kc1 (38. c4 d2
39. Kc2 a4 40. Kxd2 axb3 41. Kc3 Nxc4 42. Kxb3 Ne5 43. Kb4 Kf8 44. Ne6+ Ke7 45.
Nxg7 Kf6 46. Ne8+ Kxg6 $14) (38. a4 Kf8) 38... Kf8 39. Ne6+ (39. a4 Ke7 40. Kd2
Kd6 (40... Kf6 41. Nxd3 Nxd3 42. Kxd3 Kxg6 43. Kd4 (43. Kc4 Kf5 44. Kb5 h5 45.
Kxa5 g5 46. Kb6 g4 47. Kxb7 h4 48. a5 h3 $19) 43... Kf5 44. Kc5 g5 45. Kb6 h5
46. Kxb7 h4 47. c4 g4 48. c5 h3 49. c6 hxg2 50. c7 g1=Q 51. c8=Q+ $15) 41. Ke3
b6 42. g3 Ke7 43. Nd5+ Kd6 44. Nxb6 Kc5 45. Nc8 $16) 39... Ke7 40. Nxg7 Kf6 (
40... Nxg6 $14) 41. Ne8+ Kxg6 42. Nd6 b6 43. Kd2 Kg5 44. a4 (44. Nc8) 44... h5
$2 (44... Kf4 $142 45. Nc8 Nd7 46. Kxd3 Kg3 47. Ke4 $142 (47. b4 Kxg2 48. Kc4
h5) (47. Kc4 Kxg2 48. Kb5 (48. Ne7 h5 49. Ng6 Kf3) 48... h5) 47... h5 (47...
Kxg2 48. Kf5 Kf3 49. b4 axb4 (49... Ke3 50. Ke6) 50. cxb4 h5 51. Kg5 (51. Ke6
h4) 51... Ke4 $11) 48. Kf5 Kxg2 49. Kg5 Kf3 $11) 45. Nc8 Nd7 (45... Kf4 46.
Nxb6 Kg3 47. Nc4 Nc6 48. Ne3 Ne5 49. b4 $18) 46. Kxd3 Kf4 47. Ne7 $1 (47. Ke2
Kg3 48. Kf1 Nc5 49. Nxb6 Nxb3 50. Nc4 h4 $11) 47... Kg3 48. Ng6 Nf6 (48... Kxg2
49. Nf4+ Kf3 50. Nxh5 Nc5+ 51. Kc4 Ne4 52. Kb5 Nxc3+ (52... Nc5 53. b4 axb4 54.
cxb4 Nd3 55. Nf6) 53. Kxb6 $18) 49. Kc4 Kxg2 50. Nf4+ Kf3 51. Nxh5 Nxh5 52. Kb5
Nf6 (52... Ke4 $142 53. Kxb6 Kd3 54. b4 (54. c4 $1 Kd4 (54... Kc3 55. Kxa5 Kxb3
56. Kb5 Nf4 57. a5 Ne6 58. Kb6 Kxc4 59. a6 Nc5 60. a7 Nd7+ 61. Kc7 $18) 55.
Kxa5 Kc5 56. Ka6 Nf6 57. a5 Kc6 58. b4 Nd7 59. Ka7 Kc7 60. b5 Nc5 61. b6+ (61.
a6 Nd7 62. c5 Nxc5 63. b6+ Kc6 64. b7 $18) 61... Kc6 62. a6 Nd7 63. b7 (63. c5
Kxc5) 63... Kc7 64. c5 Nb8 65. c6 $18) 54... axb4 55. cxb4 Nf4 56. a5 Kc4 57.
a6 Nd5+) 53. Kxb6 Nd5+ 54. Kxa5 Nxc3 55. Kb4 Nd5+ 56. Kc5 Ke4 57. a5 Ke5 58. a6
Nc7 59. a7 Ke6 60. Kc6 Na8 61. b4 (61. Kb7 Kd7 62. Kxa8 Kc7 63. b4 $18) 61...
Ke7 62. b5 Kd8 63. b6 1-0

[Event "BCF-chT 9798 (4NCL)"]
[Site "England"]
[Date "1998.01.24"]
[Round "5.1"]
[White "Hebden, Mark"]
[Black "Gurevich, Mikhail"]
[Result "1/2-1/2"]
[WhiteElo "2515"]
[BlackElo "2585"]
[Annotator "Gurevich,M"]
[PlyCount "120"]
[EventDate "1997.11.??"]
[EventType "team"]
[EventRounds "11"]
[EventCountry "ENG"]
[SourceTitle "CBM 063"]
[Source "ChessBase"]
[SourceDate "1998.03.26"]
[SourceVersion "1"]
[SourceVersionDate "1998.03.26"]
[SourceQuality "1"]
[WhiteTeam "Midland Monarchs"]
[BlackTeam "Slough"]
[WhiteTeamCountry "ENG"]
[BlackTeamCountry "ENG"]

1. e4 e6 2. Nc3 d5 3. d4 Nf6 4. Bg5 Be7 5. e5 Nfd7 6. h4 O-O (6... c5 7. Bxe7
Kxe7 8. dxc5 $5 Nxe5 9. Qd2 Nbc6 10. O-O-O Re8 11. h5 h6 $1 12. f4 Nd7 13. Bb5
Nxc5 14. Nf3 (14. Qe3 $2 d4 15. Qe2 Bd7 16. Qc4 Qb6 {0-1 Hector,J-Gleizerov,E/
Viking op 1997/EXT 97 (35)}) 14... a6 15. Bxc6 bxc6 $13) 7. Qg4 $5 {TN} (7. Bd3
c5 8. Nh3 g6 9. f4 cxd4 10. Ne2 $5 {TN} Qa5+ 11. Qd2 Qxd2+ 12. Kxd2 Bb4+ 13.
Kd1 f6 14. Bh6 {1/2-1/2 Relange,E-Gurevich,M/Belfort (5) 1997 (60)} Rf7 $5 15.
h5 (15. exf6 Nxf6 16. Nxd4 Ng4 $15) 15... fxe5 (15... gxh5 16. exf6 Nxf6 17.
Ng5 Ng4 $5 18. Nxf7 Nf2+ 19. Kc1 Nxh1 20. Ng5 $13) 16. hxg6 hxg6 17. Ng5 e4 $5
$15) 7... f5 (7... c5 $6 8. Bh6 g6 9. h5 $5 $36 cxd4 10. hxg6 fxg6 11. Qxe6+
Rf7 12. Nxd5 $16) 8. Bxe7 (8. Qg3 c5 9. Nf3 cxd4 10. Nxd4 Nc5 $132) 8... Qxe7 (
8... fxg4 9. Bxd8 Rxd8 10. Be2 h5 11. Nb5 $5 Na6 12. c3 $16) 9. Qg5 $1 Qb4 (
9... Qxg5 10. hxg5 c5 11. Nb5 Nc6 12. O-O-O $1 $14) 10. O-O-O c5 11. Qe7 Qb6 (
11... Nb6 $5) 12. Na4 Qc6 13. Nxc5 (13. b3 cxd4 14. Nf3 Rf7 $13) 13... Nxc5 14.
Qxc5 (14. dxc5 Qa4 $1 15. a3 (15. Kb1 Nc6 $17) 15... Nc6 16. Qg5 Nxe5 $132)
14... Qxc5 15. dxc5 Nd7 16. Nf3 (16. c4 Nxc5 17. cxd5 exd5 18. Rxd5 Ne4 $132)
16... Nxc5 17. Bd3 (17. Kd2 $5 Ne4+ 18. Ke1 Bd7 19. Bd3 Rac8 20. Nd4 $14) 17...
Ne4 18. Rhf1 Bd7 19. Nd4 (19. Bxe4 fxe4 20. Nd4 Rac8 21. Kd2 $14) 19... Rac8
20. f3 Nc5 21. b3 Kf7 $5 22. Kd2 (22. g4 $5 Nxd3+ 23. Rxd3 fxg4 24. fxg4+ Ke7
25. Rdf3 Rxf3 26. Rxf3 Be8 27. h5 $14) 22... Ke7 23. g4 fxg4 24. fxg4 h6 25.
Ke3 Bc6 $5 {Idea 26...Nd7} 26. Ne2 $6 Rxf1 $5 (26... Nd7 27. Kd4 $14) 27. Rxf1
Be8 $1 $132 {idea 28...Nd7} 28. h5 $2 (28. Nf4 $6 Nxd3 (28... Nd7 $6 29. Kd4
$14 Nb8 $2 30. Nxe6 $1 Nc6+ (30... Kxe6 31. Bf5+ $18) 31. Ke3 Nxe5 32. Nxg7
Nxg4+ 33. Kd4 $16) 29. cxd3 Rc2 $15 30. h5 $6 (30. a4 Rb2 (30... Rc3) 31. Rc1
Rxb3 32. Rc7+ Bd7 $15) 30... Rxa2 31. Ng6+ Kd8 $1 32. Rf8 Rg2 $17) (28. Nd4 $5
Nd7 29. Kf4 $13) 28... Nd7 $17 29. Nd4 (29. Kf4 Bxh5 $1 $17 30. gxh5 Rf8+ $19)
(29. Kd4 Nb8 $1 30. Ke3 Nc6 $17) 29... Nxe5 30. Re1 Bd7 31. Kf4 Nxd3+ 32. cxd3
Kd6 33. Ke3 (33. Nf3 Rc2 $17) 33... e5 $138 (33... Rf8 $5) 34. Nf5+ Bxf5 35.
gxf5 Rf8 36. Rg1 Rxf5 37. Rxg7 Rxh5 (37... d4+ $1 38. Ke2 Rxh5 39. Rxb7 Rh2+
$19) 38. Rxb7 Rh3+ 39. Kd2 Rh2+ 40. Kc3 Rxa2 41. Rh7 d4+ $1 (41... a5 42. d4 $5
Rh2 43. dxe5+ Kxe5 44. Ra7 $17) 42. Kc4 Rc2+ 43. Kb4 Rc3 44. Rxh6+ Ke7 $1 $19 (
44... Kd5 45. Rh3 Ke6 46. Rf3 $1 $17) 45. Ra6 (45. Rh3 Kf6 46. Rf3+ Kg5 $19)
45... Rxd3 46. Kc4 e4 47. b4 $5 Rd1 48. b5 e3 49. Kd5 $5 (49. Rxa7+ Kf6 $19)
49... Kf7 $2 $138 (49... Kf8 $1 50. Re6 (50. Rxa7 e2 $19) 50... Rd2 $19) 50.
Rxa7+ Kf6 51. Ra6+ Kf5 52. Re6 $11 Kf4 (52... Rb1 53. Re8 d3 54. Rxe3 d2 55.
Rf3+ $1 Kg4 56. Rd3 d1=Q 57. Rxd1 Rxd1+ 58. Kc6 $11) 53. b6 d3 54. Kd4 $1 d2
55. Rxe3 Rb1 56. Rd3 d1=Q 57. Rxd1 Rxd1+ 58. Kc5 Ke5 59. b7 Rb1 60. Kc6 Rxb7
1/2-1/2

[Event "Moscow5"]
[Site "Moscow"]
[Date "1995.??.??"]
[Round "7"]
[White "Ivanov, Victor L"]
[Black "Nikolenko, Oleg"]
[Result "1/2-1/2"]
[WhiteElo "2460"]
[BlackElo "2475"]
[Annotator "Hecht,H"]
[PlyCount "117"]
[EventDate "1995.??.??"]
[EventType "tourn"]
[EventRounds "11"]
[EventCountry "RUS"]
[EventCategory "10"]
[SourceTitle "CBM 049"]
[Source "ChessBase"]
[SourceDate "1995.12.01"]
[SourceVersion "1"]
[SourceVersionDate "1995.12.01"]
[SourceQuality "1"]

1. e4 e6 2. d4 d5 3. Nc3 Nf6 4. Bg5 Be7 5. e5 Nfd7 6. Bxe7 Qxe7 7. f4 O-O 8.
Nf3 c5 9. dxc5 Nc6 10. Qd2 f6 11. exf6 Nxf6 12. O-O-O Qxc5 13. Bd3 Bd7 14. Rhe1
Rac8 15. Kb1 a6 16. Ne5 Nxe5 17. Rxe5 b5 18. h3 Qb6 19. Ne2 Be8 20. Nd4 Bf7 21.
g4 Nd7 22. Re2 Nc5 23. Nf3 Nxd3 24. cxd3 Bg6 25. h4 Rc4 26. h5 Rcxf4 27. Ng5
R4f6 28. hxg6 Rxg6 29. Rde1 Re8 30. Rf1 h6 31. Nf7 Rxg4 32. Rh2 Rg1 33. Qd1
Rxf1 34. Qxf1 Qc7 35. Rf2 Qe7 36. Ne5 Rf8 37. d4 Qd6 38. a3 Rxf2 39. Qxf2 Qf8
40. Qxf8+ Kxf8 {S - 3 Bauern verbundene schwarze Freibauern hindern Weiß an
der Eroberung schwarzer Damenflügelbauern} 41. Kc2 Ke7 42. Kd3 Kf6 43. Ke3 Kf5
44. b3 (44. Nd7 h5 45. Nc5 h4 46. Nxa6 h3 47. Kf3 g5 48. Nc7 g4+ 49. Kg3 Ke4
50. Nxe6 Kd3 51. b3 Kc3 52. a4 bxa4 53. bxa4 Kb4 54. Nc7 Kxa4 55. Nxd5 Kb5 56.
Nc3+ (56. Ne3 Kc6 $10) 56... Kc4 57. Ne2 Kd5 $10 {beispielhafte Variante und
Denkanstoß!}) 44... h5 45. a4 bxa4 46. bxa4 g5 47. a5 h4 48. Kf3 h3 49. Ng4 (
49. Kg3 Ke4 50. Nc6 g4 51. Nb4 Kxd4 52. Nxa6 e5 53. Nb4 Kc5 54. a6 Kb6 55.
Nxd5+ Kxa6 56. Ne3 $10) 49... Kg6 50. Ne3 e5 51. dxe5 d4 52. Ng4 Kf5 53. Kg3 d3
54. Kxh3 d2 55. Ne3+ Kxe5 56. Nc4+ Kd4 57. Nxd2 Kc3 58. Ne4+ Kb4 59. Kg4
1/2-1/2

[Event "ISL-FRA"]
[Site "Reykjavik"]
[Date "1993.??.??"]
[Round "5"]
[White "Hjartarson, Johann"]
[Black "Bricard, Emmanuel"]
[Result "1-0"]
[WhiteElo "2625"]
[BlackElo "2460"]
[Annotator "Hjartarson,J"]
[PlyCount "69"]
[EventDate "1993.??.??"]
[EventType "schev"]
[EventRounds "10"]
[EventCountry "ISL"]
[SourceTitle "CBM 035"]
[Source "ChessBase"]
[SourceDate "1993.08.01"]
[SourceVersion "1"]
[SourceVersionDate "1993.08.01"]
[SourceQuality "1"]

1. e4 e6 2. d4 d5 3. Nc3 Nf6 4. Bg5 Be7 5. e5 Nfd7 6. Bxe7 Qxe7 7. f4 a6 8. Qg4
O-O $146 (8... g6) (8... f5) 9. Bd3 (9. f5 $5 f6 $1 (9... exf5 10. Nxd5 Qd8 (
10... fxg4 11. Nxe7+ Kh8 12. Bd3 c5 13. h3 g3 14. c3 Nc6 15. Nxc6 bxc6 16. Ne2
$16) 11. Qf3 c5 12. c3 cxd4 13. cxd4 Nc6 14. O-O-O $16) 10. fxe6 Nb6 11. exf6
Rxf6 12. O-O-O Bxe6 13. Qh4 $13) 9... c5 (9... f5 $5 10. exf6 Qxf6 (10... Nxf6
$2 11. Qh4 $16) 11. Nf3 (11. Nce2 e5 $1 (11... c5 12. c3 Nc6 13. Nf3 $16) 12.
dxe5 Nxe5 13. Bxh7+ Kxh7 14. Qh5+ Kg8 15. Qxe5 Qxe5 16. fxe5 Bg4 $10) 11... c5
12. Ng5 $13) 10. f5 $5 (10. Nf3 f5 $1 11. exf6 Qxf6 12. Ng5 $13) 10... cxd4 $8
(10... f6 11. fxe6 Nb6 12. dxc5 $18) (10... exf5 $2 11. Nxd5 $16) 11. f6 Nxf6
12. Qh4 $1 h6 13. exf6 (13. Na4 Nbd7 $8 14. exf6 Qxf6 15. Qxf6 gxf6) 13... Qxf6
14. Qxf6 gxf6 15. Na4 Nd7 16. b3 b5 17. Nb2 e5 18. Ne2 $1 Nc5 (18... e4 19.
Nxd4 exd3 20. Nxd3 Re8+ 21. Kd2 Ne5 22. Rhf1 Nxd3 23. cxd3 $16) 19. O-O Nxd3 (
19... e4 20. Rxf6 exd3 21. Nxd3 Nxd3 22. cxd3 $16) 20. Nxd3 Kg7 (20... f5 $5
21. Nxe5 Re8 22. Nxf7 $1 Kxf7 23. Nxd4 Kf6 24. Rf3 $16) 21. Ng3 Kg6 $8 22. Rf2
Rb8 $6 (22... a5 23. Raf1 Ra6 24. h4 $14) 23. Raf1 Rb6 24. h4 (24. Rxf6+ $2
Rxf6 25. Nxe5+ Kg5 26. h4+ Kxh4 27. Rxf6 Re8 $1 (27... Kxg3 28. Rf3+ Kh4 29.
Ng6+ fxg6 30. Rxf8 Bf5 31. Rd8 Be4 32. Kf2 $14 b4) 28. Nxf7 Kxg3 29. Rg6+ Kf4
30. Rf6+ $10) 24... Re8 $8 (24... a5 $2 25. Rxf6+ Rxf6 26. Nxe5+ Kg7 27. Nh5+
$18) 25. Nf5 a5 26. Rf3 Bxf5 27. Rxf5 b4 $2 (27... h5 $1 28. R5f3 $14) 28. g4
$16 Rg8 29. Kh2 (29. g5 $2 hxg5 30. hxg5 Kh5 $13) 29... Rc6 30. R1f2 Rgc8 31.
Kg3 R8c7 32. Rf1 $1 (32. g5 $2 hxg5 33. hxg5 e4 34. gxf6 (34. Rxf6+ $2 Rxf6 35.
Rxf6+ Kxg5 36. Rd6 $10) 34... exd3 35. Kg4 $2 Rxc2 36. Rg5+ Kh7 37. Rg7+ Kh6
38. Rf3 Rh2 $17) 32... Rc8 (32... Kg7 33. g5 $18) 33. g5 hxg5 34. hxg5 e4 35.
gxf6 $1 {35...ed3 36.Kg4 Kh7[] 37.Rh5 Kg8 38.Rfh1 Rf6 39.Rh8 Kg7 40.Rc8+-} 1-0

[Event "Rilton Cup 26th"]
[Site "Stockholm"]
[Date "1996.??.??"]
[Round "7"]
[White "Hjartarson, Johann"]
[Black "Brynell, Stellan"]
[Result "1-0"]
[WhiteElo "2565"]
[BlackElo "2445"]
[Annotator "Hjartarson,J"]
[PlyCount "81"]
[EventDate "1996.12.??"]
[EventType "swiss"]
[EventRounds "9"]
[EventCountry "SWE"]
[SourceTitle "CBM 057 Extra"]
[Source "ChessBase"]
[SourceDate "1997.05.01"]
[SourceVersion "1"]
[SourceVersionDate "1997.05.01"]
[SourceQuality "1"]

1. e4 e6 2. d4 d5 3. Nc3 Nf6 4. Bg5 Be7 5. e5 Nfd7 6. Bxe7 Qxe7 7. f4 O-O 8.
Nf3 c5 9. Qd2 Nc6 10. dxc5 Qxc5 11. O-O-O Nb6 12. Kb1 Bd7 13. Nb5 Na4 $1 $146 (
13... Rac8 $2 14. Nd6 Rc7 15. Bb5 f6 16. Bxc6 Qxc6 17. Nd4 Qa4 18. Rhe1 fxe5
19. Rxe5 $16 {1-0 Groszpeter,A-Almasi,I/HUN-chT1 1995 (34)}) 14. Nd6 $6 (14.
Nbd4 Qb6 15. Nb3 a5 16. Bd3 $6 (16. c3 $11) 16... Nxb2 $1 17. Kxb2 a4 18. Bxh7+
$5 Kxh7 19. Ng5+ Kg8 20. Qd3 Rfe8 21. Qh7+ Kf8 22. Ne4 (22. Qh8+ Ke7 23. Qxg7
Kd8 $13) 22... axb3 23. Qh8+ Ke7 24. Qh4+ Kf8 25. Qh8+ Ke7 26. Qh4+ f6 $5 27.
exf6+ Kd8 28. f7+ Kc7 29. fxe8=N+ Bxe8 30. axb3 Qb4 $13 {Lindberg,B-Ulibin,M/
Rilton Cup1997/0-1 (57)}) 14... f6 15. Be2 $8 (15. Bd3 $2 fxe5 16. fxe5 Rxf3
17. gxf3 Nxe5 $19) (15. Bb5 Nxe5 $1 16. fxe5 Bxb5 $17) 15... fxe5 16. fxe5 Nxe5
17. Nxe5 Qxd6 18. Nxd7 Qxd7 19. Rhe1 Qd6 $2 (19... Nc5 $15) 20. Bg4 Rf6 21. c4
$1 Nb6 22. Qd4 $1 $44 Qc6 (22... Rc8 23. c5 (23. cxd5 $2 Rc4 $1 $19) 23... Rxc5
24. Rxe6 Rxe6 25. Bxe6+ Kh8 26. Rf1 $44) 23. cxd5 $5 (23. Bxe6+ Rxe6 24. cxd5
Nxd5 25. Rxe6 Qxe6 26. Qxd5 $11) 23... exd5 (23... Nxd5 24. Qe5 $44) 24. Re7
Re8 (24... Kh8 25. Rc1 Nc4 26. b3 Na3+ 27. Kb2 Nb5 28. Rxc6 Nxd4 29. Rxf6 gxf6
30. Rxb7 $16) 25. Bd7 Rxe7 26. Bxc6 bxc6 27. b3 Re4 $2 (27... h6 $14) (27...
Re2 28. Rd2 c5 29. Qd3 Rxd2 30. Qxd2 c4 $14) 28. Qd2 Nd7 29. Qa5 $16 Re2 30.
Rd2 (30. Qxa7 $5 Rff2 31. Qa8+ Nf8 32. Qxc6 Rb2+ 33. Kc1 Rxa2 34. Qxd5+ Kh8 35.
Qd4 $16) 30... Rxd2 31. Qxd2 Nc5 $2 (31... Nb6 32. Qa5 Rf7 33. Qc5 $16) 32. Qe3
Ne4 33. Qxa7 $18 Rf2 34. a4 Kf8 35. a5 c5 36. a6 Nd2+ 37. Kc1 Nxb3+ 38. Kd1
Rd2+ 39. Ke1 Rb2 40. Qb8+ Ke7 41. Qe5+ 1-0

[Event "ISL-ch playoff"]
[Site "Reykjavik"]
[Date "1995.??.??"]
[Round "1"]
[White "Stefansson, Hannes"]
[Black "Hjartarson, Johann"]
[Result "1-0"]
[WhiteElo "2520"]
[BlackElo "2570"]
[Annotator "Hjartarson,J"]
[PlyCount "87"]
[EventDate "1995.??.??"]
[EventType "match"]
[EventRounds "6"]
[EventCountry "ISL"]
[SourceTitle "CBM 051"]
[Source "ChessBase"]
[SourceDate "1996.04.01"]
[SourceVersion "1"]
[SourceVersionDate "1996.04.01"]
[SourceQuality "1"]

1. e4 e6 2. d4 d5 3. Nc3 Nf6 4. Bg5 Be7 5. e5 Nfd7 6. Bxe7 Qxe7 7. f4 a6 8. Nf3
c5 9. Qd2 Nc6 10. dxc5 Nxc5 11. Bd3 O-O 12. O-O (12. Qe3 $5 f5 13. exf6 Nxd3+
14. Qxd3 Qxf6 15. g3 Bd7 16. Ng5 $1 Qf5 17. Qxf5 Rxf5 18. O-O-O Rd8 19. Ne2 $14
{Ljubojevic-Seirawan, Reykjavik (WCup) 1991}) (12. O-O-O f5 13. exf6 Qxf6 14.
g3 Bd7 15. Ng5 Nxd3+ 16. Qxd3 Qf5 17. Qxf5 Rxf5 18. Rhe1 $14 {Polgar,S-Gulko,B/
Aruba 1992}) 12... f5 13. exf6 Qxf6 14. g3 Bd7 15. Rae1 Be8 (15... Rac8 16. a3
h6 17. h4 $2 (17. Ne5 $14) 17... Be8 $1 18. Kh2 Nxd3 19. cxd3 Bh5 $10 20. Qg2
$6 (20. Kg2 $10) 20... Qg6 21. Ne5 Nxe5 22. Rxe5 Rf5 23. Rfe1 Rxe5 24. Rxe5 Bg4
$15 {Hjartarson,J-Seirawan,Y/Reykjavik/WCup/1991}) 16. Ne5 $1 Rc8 17. Rf2 $14
Nxe5 18. Rxe5 Rc6 (18... Nxd3 19. cxd3 Bg6 20. Ne2 $14) 19. Bf1 Nd7 20. Re1 Nb6
21. Nd1 $1 Bg6 (21... Nc4 22. Bxc4 Rxc4 23. Rfe2 Rc6 24. c3 $14) 22. Qb4 Be4
23. Ne3 Nc8 $2 (23... Rfc8 24. c3 Qf8 $14) 24. c4 $16 Qf7 25. Ng4 Qc7 26. Ne5
Rd6 27. c5 Rdd8 28. Bd3 Bxd3 29. Nxd3 Rf6 30. Rfe2 Re8 31. Ne5 Rff8 32. Nf3 b6
$138 (32... Rf6 33. Nd4 Qd7 34. Qc3 $18) 33. cxb6 Nxb6 34. Rxe6 Rxe6 35. Rxe6
$18 Rb8 (35... Nc4 36. Re7 $18) 36. Qd4 h6 37. b3 a5 38. a4 Qc1+ 39. Re1 Qc7
40. Nh4 Qd7 41. f5 Nc8 42. Ng6 Nd6 43. Re7 Nxf5 44. Qe5 1-0

[Event "Nabereznye Chelny"]
[Site "Nabereznye Chelny"]
[Date "1993.??.??"]
[Round "?"]
[White "Filipenko, Alexander V"]
[Black "Lempert, Igor"]
[Result "0-1"]
[WhiteElo "2435"]
[BlackElo "2455"]
[Annotator "Knaak,R"]
[PlyCount "58"]
[EventDate "1993.??.??"]
[EventType "tourn"]
[EventRounds "13"]
[EventCountry "RUS"]
[EventCategory "7"]
[SourceTitle "CBM 037"]
[Source "ChessBase"]
[SourceDate "1993.12.01"]
[SourceVersion "1"]
[SourceVersionDate "1993.12.01"]
[SourceQuality "1"]

1. e4 e6 2. d4 d5 3. Nc3 Nf6 4. Bg5 Be7 5. e5 Nfd7 6. h4 Bxg5 7. hxg5 Qxg5 8.
Nh3 Qe7 9. Nf4 Nc6 $5 10. Qd2 Nb6 11. Nh5 Rg8 12. Bd3 Bd7 13. Bxh7 Rh8 14.
Nxg7+ Kd8 15. Qh6 $6 $146 (15. Ne2 {Unzicker,W-Donner,J/Schweiz/1964/} f5 $1 (
15... Nc4 16. Qf4 Qb4+ 17. c3 Qxb2 18. Rd1 $16) 16. exf6 Qxf6 17. Qh6 Qxh6 18.
Rxh6 Ke7 19. Nh5 e5 20. dxe5 Bf5 21. Nf6 Nxe5 22. O-O-O Bxh7 23. Nxh7 Ng4 $10)
15... Qb4 $1 16. Qf6+ Kc8 17. Nf5 (17. Nxe6 Bxe6 $1 (17... Rxh7 18. Rxh7 Bxe6
19. O-O-O $13) (17... Re8 18. Ng7 Qxb2 19. O-O Rh8 20. e6 fxe6 21. Nxe6 Re8 22.
Ng7 $13) 18. Qxh8+ Kd7 19. Qg7 Qxb2 $17) 17... Rd8 18. Ne3 $6 Qxd4 $1 19. Rh5
Qb4 $1 20. Ned1 d4 21. a3 Qa5 22. Be4 (22. b4 Nxb4 $19) 22... dxc3 23. Nxc3 Na4
24. b4 Nxb4 25. Rh8 Nxc2+ 26. Kf1 Be8 27. Rxe8 Rxe8 28. Qxf7 Rh8 29. Qxe6+ Kb8
0-1

[Event "Niksic"]
[Site "Niksic"]
[Date "1991.??.??"]
[Round "11"]
[White "Ivanovic, Bozidar"]
[Black "Miljanic, Boro"]
[Result "1/2-1/2"]
[WhiteElo "2535"]
[BlackElo "2390"]
[Annotator "Knaak,R"]
[PlyCount "33"]
[EventDate "1991.04.??"]
[EventType "tourn"]
[EventRounds "13"]
[EventCountry "YUG"]
[EventCategory "9"]
[SourceTitle "CBM 024"]
[Source "ChessBase"]
[SourceDate "1991.10.01"]
[SourceVersion "1"]
[SourceVersionDate "1991.10.01"]
[SourceQuality "1"]

1. e4 e6 2. d4 d5 3. Nc3 Nf6 4. Bg5 Be7 5. e5 Nfd7 6. h4 c5 7. Nb5 f6 8. exf6
$2 (8. Bd3 $1 a6 9. Qh5+ Kf8 10. Rh3 axb5 11. Bh6 $40 {Pavlovic-Zueger/
Mitropa-Cup/1990/CBM20-VC}) 8... Nxf6 9. Nf3 Nc6 (9... O-O $6 10. Bd3 c4 $2 11.
Bxf6 Bxf6 12. Bxh7+ $18) 10. Bf4 $6 O-O $15 11. Bc7 Qd7 12. Ne5 Nxe5 13. Bxe5
a6 14. Nc3 b5 15. a3 Bd6 16. Be2 Qc7 17. Bxd6 (17. Bxd6 Qxd6 18. Bf3 cxd4 19.
Qxd4 Bb7 $17 {/\ e5}) 1/2-1/2

[Event "Cannes team g/60"]
[Site "Cannes"]
[Date "1992.??.??"]
[Round "6"]
[White "Nunn, John DM"]
[Black "Seirawan, Yasser"]
[Result "1/2-1/2"]
[WhiteElo "2615"]
[BlackElo "2600"]
[Annotator "Knaak,R"]
[PlyCount "35"]
[EventDate "1992.02.??"]
[EventType "team"]
[EventRounds "6"]
[EventCountry "FRA"]
[SourceTitle "CBM 028"]
[Source "ChessBase"]
[SourceDate "1992.06.01"]
[SourceVersion "1"]
[SourceVersionDate "1992.06.01"]
[SourceQuality "1"]

1. e4 e6 2. d4 d5 3. Nc3 Nf6 4. Bg5 Be7 5. e5 Nfd7 6. h4 c5 7. Bxe7 (7. Nb5 $1)
7... Kxe7 8. f4 cxd4 9. Qxd4 Qb6 10. Qxb6 Nxb6 11. h5 $14 h6 12. Nb5 Nc6 13.
Nf3 Bd7 14. b3 a6 15. Nbd4 Nxd4 16. Nxd4 Nc8 17. Kd2 Na7 18. c3 $14 1/2-1/2

[Event "Bern op"]
[Site "Bern"]
[Date "1992.??.??"]
[Round "2"]
[White "Gallagher, Joseph G"]
[Black "Timmer, Robert"]
[Result "1-0"]
[WhiteElo "2510"]
[BlackElo "2305"]
[Annotator "Knaak,R"]
[PlyCount "151"]
[EventDate "1992.02.??"]
[EventType "swiss"]
[EventRounds "9"]
[EventCountry "SUI"]
[SourceTitle "CBM 028"]
[Source "ChessBase"]
[SourceDate "1992.06.01"]
[SourceVersion "1"]
[SourceVersionDate "1992.06.01"]
[SourceQuality "1"]

1. e4 e6 2. d4 d5 3. Nc3 Nf6 4. Bg5 Be7 5. e5 Ne4 $5 6. Bxe7 Nxc3 7. Bxd8 (7.
Qg4 $6 Qxe7 8. Qxg7 Qb4 $1 9. Qxh8+ Kd7 10. Bd3 Qxb2 11. Rd1 Nxd1 12. Kxd1 Nc6
$1 {N} 13. Qxh7 Nxd4 14. Qxf7+ Kc6 15. Qf4 Qb1+ 16. Qc1 Qxa2 17. h4 b6 $15 {
Rantanen-Lputian/Palma GMA-op/1989}) 7... Nxd1 8. Bxc7 (8. Rxd1 Kxd8 9. f4 b6
10. Bd3 Ba6 11. Ne2 Bxd3 12. Rxd3 Nd7 {/\ 13...f5=} 13. f5 $1 $14 {
Luther-Maric,M/Oakham/1990}) 8... Nxb2 9. Rb1 Nc4 10. Bxc4 dxc4 11. Nf3 Nc6 12.
Bd6 b6 13. c3 (13. Kd2 Bb7 14. Kc3 Rc8 15. Nd2 {+/=/= Spaski-Byrne,R/Moskva/
1975/i20/244}) 13... f5 14. exf6 gxf6 15. Nd2 Ba6 16. O-O {+/=/=} Rd8 17. Bf4
Kf7 18. Rfe1 Ne7 19. Ne4 Nf5 20. f3 Bb7 21. Kf2 h5 22. Rb5 Bd5 23. Rb4 h4 24.
a4 Ne7 25. Rb2 Nc6 26. Nd6+ Kg6 27. Nb5 Kf7 28. Rbe2 Ne7 29. Nc7 Ng6 30. Bc1
Rc8 $4 (30... Rd6) 31. Nxe6 $16 Rhe8 32. Nf4 Nxf4 33. Bxf4 Bc6 34. Rxe8 Rxe8
35. Ra1 Rd8 36. a5 b5 37. Rb1 a6 38. Bc7 Re8 39. Bb6 Bd5 40. Bc5 Kg6 41. Rg1
Kf7 42. Ba3 Bc6 43. Rd1 Bd5 44. Rd2 Kg6 45. h3 Kf5 46. Re2 Rxe2+ 47. Kxe2 Bf7
48. Ke3 Bd5 49. Bb4 Kg5 50. Bd6 Kf5 51. Kd2 Bf7 52. Bh2 Ke6 53. Bg1 Bg6 54. Bf2
Bd3 55. g3 hxg3 56. Bxg3 Bg6 57. Be1 Bf7 58. Ke3 Kf5 59. h4 Ke6 60. Kf4 Bg6 61.
Kg4 Kd5 62. h5 Bh7 63. h6 Ke6 64. Kf4 Kd5 65. Ke3 Ke6 66. Kd2 Kf5 67. Kc1 Ke6
68. Kb2 Kd5 69. Bh4 Ke6 70. Ka3 f5 71. Bg5 Kd5 72. Kb2 f4 73. Bxf4 b4 74. cxb4
Kxd4 75. b5 c3+ 76. Kb3 1-0